Luther and the lutheran church 1483-1960 (Record no. 18846)

MARC details
000 -LEADER
campo de control de longitud fija 00682ntaaa2200193 4500
003 - IDENTIFICADOR DE NÚMERO DE CONTROL
campo de control 01
005 - FECHA Y HORA DE LA ÚLTIMA TRANSACCIÓN
campo de control 20251027202408.0
008 - DATOS DE LONGITUD FIJA--INFORMACIÓN GENERAL
campo de control de longitud fija 0714s1973 ag 01
040 ## - FUENTE DE CATALOGACIÓN
Centro catalogador/agencia de origen AR-BaBN
Lengua de catalogación spa
Centro/agencia transcriptor AR-BaBN
Normas de descripción aacr
Centro/agencia modificador RIC
082 ## - NÚMERO DE LA CLASIFICACIÓN DECIMAL DEWEY
Número de clasificación 284.1000 Sw5
100 ## - ENTRADA PRINCIPAL--NOMBRE DE PERSONA
Nombre de persona Swihart, Altman K
9 (RLIN) 22671
245 ## - MENCIÓN DEL TÍTULO
Título Luther and the lutheran church 1483-1960
250 ## - MENCION DE EDICION
Mención de edición 1 ed.
260 ## - PUBLICACIÓN, DISTRIBUCIÓN, ETC.
Lugar de publicación, distribución, etc. London :
Nombre del editor, distribuidor, etc. Peter Owen Ltd,
Fecha de publicación, distribución, etc. c1ç960
300 ## - DESCRIPCIÓN FÍSICA
Extensión 703 p
500 ## - NOTA GENERAL
Nota general Biografía de Lutero, Martín, 1483-1546, sus enseñanzas. Historia de la iglesia Luterana en Europa y América, su organización, liturgia, desarrollo moderno y su parte en el movimiento ecuménico.
650 ## - PUNTO DE ACCESO ADICIONAL DE MATERIA--TÉRMINO DE MATERIA
Término de materia o nombre geográfico como elemento de entrada Luterana-iglesia
9 (RLIN) 22672
942 ## - ELEMENTOS DE ENTRADA SECUNDARIOS (KOHA)
Tipo de ítem Koha Colección General
Holdings
Estatus retirado Estado de pérdida Estado de daño No para préstamo Biblioteca de origen Biblioteca actual Fecha de adquisición Número de inventario Total de préstamos Signatura topográfica completa Código de barras Visto por última vez Precio de reemplazo Tipo de ítem Koha
        Biblioteca Pluis Biblioteca Pluis 27/10/2025 19185   284.1000 Sw5 19185 27/10/2025 27/10/2025 Colección General